Unitarios y federales /
Dos líneas políticas se disputaron la organización del territorio nacional durante la primera parte del siglo XIX: los federales, partidarios de un fuerte gobierno central; y los unitarios, que defendían la autonomía de las provincias. Este enfrentamiento marcó a fuego el nacimiento de la República...
Guardado en:
| Autor Principal: | |
|---|---|
| Autor Corporativo: | |
| Formato: | |
| Publicado: |
Argentina,
2011
|
| Series: | Historia de los Partidos Políticos
|
| Materias: | |
| Etiquetas: |
Agregar Etiqueta
Sin Etiquetas, Sea el primero en etiquetar este registro!
|
| LEADER | 01132ngm a22002775g 4500 | ||
|---|---|---|---|
| 001 | CEM.cems023573 | ||
| 008 | 130507s2011##################0###0#####d | ||
| 005 | 20250609134841.0 | ||
| 245 | 1 | 0 | |a Unitarios y federales / |c Emanuel Flax. |
| 260 | |a Argentina, |c 2011 | ||
| 300 | |a 28'. | ||
| 490 | 0 | |a Historia de los Partidos Políticos | |
| 538 | |a Soporte: DVD - Color: Si - Grabación DRD | ||
| 500 | |a Consultar en ventanilla. | ||
| 520 | |a Dos líneas políticas se disputaron la organización del territorio nacional durante la primera parte del siglo XIX: los federales, partidarios de un fuerte gobierno central; y los unitarios, que defendían la autonomía de las provincias. Este enfrentamiento marcó a fuego el nacimiento de la República Argentina. | ||
| 100 | 1 | |a Flax, Emanuel | |
| 710 | 2 | |a Canal Encuentro. | |
| 082 | 9 | 8 | |/ FLA |
| 653 | |a HISTORIA | ||
| 653 | |a HISTORIA ARGENTINA | ||
| 653 | |a PARTIDOS POLITICOS | ||
| 653 | |a UNITARIOS Y FEDERALES | ||
| 653 | |a GUERRAS CIVILES | ||
| 653 | |a SERIE DE TELEVISIÓN | ||
| 653 | |a DOCUMENTAL | ||
| 859 | |a CEMS |b BIB. CEMS - Depto. Recursos Didacticos |h 982 |i FLA |k DRD |p 2216.15 |t Ej.1 | ||
